Rimini Fellini Airport Destinations (Rimini, San Marino) - Statistics

General Stats
  • This quiz has been taken 47 times
    18 since last reset
  • The average score is 10 of 19
Answer Stats
Airline Destination % Correct
easyJet London (Gatwick)
100%
British Airways London (Heathrow)
100%
Ryanair London (Stansted)
100%
Luxair Luxembourg
91%
Bulgaria Air Sofia
91%
Vueling Barcelona
82%
Wizz Air Tirana
73%
Ryanair Prague
64%
Ryanair Palermo
55%
Ryanair Warsaw (Modlin)
55%
Ryanair Cagliari
45%
Ryanair Vienna
45%
easyJet Basel/Mulhouse
36%
Ryanair Budapest
27%
Ryanair Krakow
27%
GetJet Airlines Vilnius
27%
Ryanair Kaunas
9%
Neos Marsa Matruh
0%
Neos Sharm El Sheikh
0%
No matching quizzes found
Score Distribution
Percent of People with Each Score
Percentile by Number Answered
Your Score History
You have not taken this quiz since the last reset